000 00952nas a2200325 4500
001 BR9700087
003 BR-BrBNA
005 20231205095940.0
007 ta
008 230509b bl.|||p| |||| 00| 00por d
040 _aBR-BrBNA
_bpor
_cBiblioteca Nacional de Agricultura
041 _a(Pt)
072 _aF02
100 1 _aTulmann Neto, A.
100 1 _aMenten, J.O.M.
100 1 _aAndo, A.
100 1 _aPompeu Junior, J.
100 1 _aFigueiredo, J.O.
100 1 _aCeravolo, L.
100 1 _aNamekata, T.
100 1 _aRossi, A.C.
245 1 _aInducao e selecao de mutantes em laranja "Pera" mediante o emprego de radiacao gama
650 _aLaranja Pera
650 _aBorbulhia
650 _aMutacao Induzida
650 _aRaio Gama
773 0 _tPesquisa Agropecuaria Brasileira (Brazil)
_xISSN 0100-204X
_g(Oct 1996), v. 31(10) p. 743-752
_wBR9700087
909 _a202311
_bLúcia
_c55
_dLúcia Elande
942 _2AGRIS
_n0
_cANA
999 _c153612
_d153612